[Event "I Miedzynarodowy Memorial Ireny Warakomskiej - Open B"]
[Site "Suwalki"]
[Date "2017-08-13"]
[Round "4.1"]
[White "Bartoszewicz, Marcin "]
[Black "Samborski, Henryk"]
[Result "0-1"]
[WhiteTitle ""]
[BlackTitle ""]
[WhiteElo "1875"]
[BlackElo "2096"]

1. e4 c5 2. Nf3 d6 3. d4 cxd4 4. Nxd4 Nf6 5. Nc3 a6 6. a4 e5 7. Nb3 Be7 8. Bg5
Nbd7 9. Bd3 O-O 10. O-O Re8 11. a5 Qc7 12. Qd2 b5 13. axb6 Nxb6 14. Qe2 Be6 15.
Bxa6 Nc4 16. Bxf6 Bxf6 17. Nd5 Bxd5 18. exd5 Nxb2 19. Bb5 Reb8 20. c4 e4 21. Rxa8
Rxa8 22. Qxe4 g6 23. g3 Qb6 24. Kg2 Ra3 25. Nd2 Kg7 26. Nf3 Ra2 27. h4 Nd1 28.
Rxd1 Qxf2+ 29. Kh3 Re2 30. Rd2 Qg2+ 31. Kg4 Rxe4# 0-1

[Event "I Miedzynarodowy Memorial Ireny Warakomskiej - Open B"]
[Site "Suwalki"]
[Date "2017-08-13"]
[Round "4.2"]
[White "Shpanko, Nadiia"]
[Black "Szewczyk, Mariusz"]
[Result "1-0"]
[WhiteTitle ""]
[BlackTitle ""]
[WhiteElo "2095"]
[BlackElo "2053"]

1. e4 e5 2. Nf3 Nf6 3. Nxe5 d6 4. Nf3 Nxe4 5. d4 d5 6. Bd3 Bd6 7. O-O O-O 8. c4
c6 9. Re1 Nf6 10. Bg5 dxc4 11. Bxc4 Nbd7 12. Nc3 Nb6 13. Bb3 h6 14. Bh4 Bg4 15.
Qd3 Bxf3 16. Qxf3 g5 17. Bg3 Bxg3 18. hxg3 Qd6 19. Qf5 Kg7 20. Rad1 Rae8 21. Re5
Nbd7 22. f4 gxf4 23. gxf4 Nxe5 24. fxe5 Qe7 25. Bc2 Rh8 26. exf6+ Qxf6 27. Qxf6+
Kxf6 28. Ne4+ Ke7 29. d5 cxd5 30. Rxd5 Rc8 31. Re5+ Kf8 32. Bb3 Rg8 33. Rf5 Rc7
34. Nd6 Rg7 35. Rf6 Rg6 36. Rxf7+ Rxf7 37. Nxf7 Ke7 38. Ne5 Rd6 39. Nf3 Rc6 40.
Kh2 Rc1 41. Bd5 b6 42. b3 Kf6 43. Bc4 Rd1 44. Kg3 Ra1 45. a4 Rd1 46. Kg4 Rd6 47.
Kf4 Rd7 48. Ke4 Rg7 49. Bf1 Rd7 50. Nd4 Rd6 51. Nb5 Rd7 52. Bc4 h5 53. Kf4 Rg7
54. Bd5 Re7 55. Bf3 Kg6 56. Nd4 Rf7+ 57. Ke5 h4 58. Bd5 Rf2 59. Nc6 a5 60. Kd6
Kg5 61. Ne5 Re2 62. Nf3+ Kg4 63. Kc6 Rxg2 64. Ne5+ Kg3 65. Bxg2 Kxg2 66. Ng6 1-0

[Event "I Miedzynarodowy Memorial Ireny Warakomskiej - Open B"]
[Site "Suwalki"]
[Date "2017-08-13"]
[Round "4.3"]
[White "Rudzinska, Michalina "]
[Black "Janiszewski, Maciej"]
[Result "0-1"]
[WhiteTitle ""]
[BlackTitle ""]
[WhiteElo "1870"]
[BlackElo "2095"]

1. e4 d5 2. exd5 Nf6 3. Be2 Qxd5 4. Nf3 Bg4 5. Nc3 Qh5 6. O-O Nc6 7. a4 O-O-O 8.
a5 a6 9. Ra4 e6 10. d3 Bd6 11. h3 Ne5 12. Nxe5 Bxe2 13. Nxe2 Qxe5 14. f4 Qb5 15.
c4 Bc5+ 16. d4 Qd7 17. Be3 Bxd4 18. Bxd4 c5 19. b4 cxd4 20. Qb3 d3 21. Nc3 Qd4+
22. Kh2 h5 23. Nd1 Ne4 24. Ra2 h4 25. b5 Ng3 26. Rff2 Rh5 27. bxa6 bxa6 28. Rab2
Qa7 29. Qa4 Qd7 30. Qb4 Qc7 31. Nc3 d2 32. Nd1 Rxa5 33. Kg1 Ra1 34. Qb3 Rd3 35.
Qc2 Rc3 36. Qxd2 Rcc1 0-1

[Event "I Miedzynarodowy Memorial Ireny Warakomskiej - Open B"]
[Site "Suwalki"]
[Date "2017-08-13"]
[Round "4.4"]
[White "Sobczak, Miroslaw"]
[Black "Suder, Ryszard "]
[Result "1/2-1/2"]
[WhiteTitle ""]
[BlackTitle ""]
[WhiteElo "1925"]
[BlackElo "2082"]

1. e4 d6 2. d4 Nf6 3. Nc3 e5 4. Nf3 Nbd7 5. Bc4 Be7 6. O-O exd4 7. Nxd4 Nb6 8.
Be2 O-O 9. a4 a5 10. Be3 Nfd7 11. Qd2 Bf6 12. Rad1 Ne5 13. b3 Ng4 14. Bxg4 Bxg4
15. f3 Bd7 16. Ndb5 Bxb5 17. Nxb5 Nd7 18. Qd5 Qc8 19. Qc4 Bd8 20. Bd4 Ne5 21.
Bxe5 dxe5 22. Rd3 c6 23. Nd6 Bb6+ 24. Kh1 Qc7 25. Rfd1 Rad8 26. g3 Qe7 27. Kg2
g6 28. R3d2 Bd4 29. c3 Rxd6 1/2-1/2

[Event "I Miedzynarodowy Memorial Ireny Warakomskiej - Open B"]
[Site "Suwalki"]
[Date "2017-08-13"]
[Round "4.5"]
[White "Ossolinski, Ziemowit "]
[Black "Bogdanov, Ignat"]
[Result "0-1"]
[WhiteTitle ""]
[BlackTitle ""]
[WhiteElo "1798"]
[BlackElo "2078"]

1. d4 d5 2. Nf3 Nf6 3. c4 dxc4 4. Nc3 e6 5. Bf4 Bd6 6. Bxd6 cxd6 7. Qa4+ Bd7 8.
Qxc4 O-O 9. e3 Nc6 10. Be2 Rc8 11. Qb3 Na5 12. Qb4 Bc6 13. O-O Bxf3 14. Bxf3 d5
15. Rac1 Nc4 16. Rfd1 Qd7 17. Rb1 Rc6 18. Na4 b6 19. b3 Nd6 20. Be2 Rfc8 21. f3
Rc2 22. Ba6 R8c7 23. Rd2 Nf5 24. Nc5 R2xc5 25. dxc5 Rxc5 26. Kf2 Qc7 27. Qf4 Nd6
28. Bd3 e5 29. Qa4 e4 30. Be2 exf3 31. gxf3 Nde4+ 32. fxe4 Nxe4+ 33. Ke1 g5 34.
Qa6 Nxd2 35. Kxd2 Rc2+ 36. Ke1 Rxe2+ 37. Kxe2 Qc2+ 38. Kf3 Qxb1 39. Qc8+ Kg7 40.
Qc3+ Kg6 41. Qc6+ Kh5 42. Qd7 Qe4+ 43. Kg3 g4 0-1

[Event "I Miedzynarodowy Memorial Ireny Warakomskiej - Open B"]
[Site "Suwalki"]
[Date "2017-08-13"]
[Round "4.6"]
[White "Lisowski, Krzysztof"]
[Black "Szczygiel, Konrad"]
[Result "0-1"]
[WhiteTitle ""]
[BlackTitle ""]
[WhiteElo "2073"]
[BlackElo "1862"]

1. e4 e5 2. f4 exf4 3. Nf3 Be7 4. Bc4 Bh4+ 5. Kf1 d6 6. Nc3 Bg4 7. d4 Ne7 8. Bxf4
Ng6 9. Be3 O-O 10. Qd2 Be6 11. Bxe6 fxe6 12. Ke2 Nc6 13. Raf1 d5 14. e5 Be7 15.
g3 Na5 16. b3 c5 17. h4 cxd4 18. Bxd4 Nc6 19. h5 Nh8 20. Ke1 Rc8 21. Ne2 Nxd4
22. Nfxd4 Rxf1+ 23. Rxf1 Qb6 24. Nf4 Qa6 25. Qd3 Qxa2 26. Nfxe6 Nf7 27. Qf3 Qb1+
28. Ke2 Rxc2+ 29. Nxc2 Qxc2+ 30. Ke3 Qxb3+ 31. Ke2 Qb2+ 32. Kd1 Qb1+ 33. Ke2 Qc2+
34. Ke3 Qc3+ 35. Ke2 Qb2+ 36. Kd1 Qa1+ 37. Kc2 Qa2+ 38. Kd1 Qb1+ 39. Ke2 Qc2+
40. Ke3 Qc3+ 41. Kf2 Qb2+ 0-1

[Event "I Miedzynarodowy Memorial Ireny Warakomskiej - Open B"]
[Site "Suwalki"]
[Date "2017-08-13"]
[Round "4.7"]
[White "Rak, Tomasz"]
[Black "Milewski, Karol"]
[Result "1-0"]
[WhiteTitle ""]
[BlackTitle ""]
[WhiteElo "2067"]
[BlackElo "1747"]

1. Nf3 Nf6 2. d4 g6 3. c4 Bg7 4. Nc3 O-O 5. e4 d6 6. h3 e5 7. d5 a5 8. g4 Na6 9.
Bd3 Nc5 10. Bc2 c6 11. Be3 cxd5 12. cxd5 a4 13. b4 axb3 14. axb3 Bd7 15. b4 Na6
16. Rb1 Qc7 17. Ne2 Bb5 18. Bd3 Qd7 19. Nc3 Nc7 20. Qe2 Bxd3 21. Qxd3 Ra3 22.
Bc1 Rxc3 23. Qxc3 Nxe4 24. Qc4 Nf6 25. O-O Nfxd5 26. b5 Nb6 27. Qb3 h5 28. Nh2
Qe6 29. Qe3 Ncd5 30. Qg5 Qf6 31. gxh5 Qxg5+ 32. Bxg5 f6 33. Bd2 gxh5 34. Rfc1
Nd7 35. Nf1 Nc5 36. Ng3 Nd3 37. Rd1 N3f4 38. Kh2 f5 39. Bxf4 Nxf4 40. Rxd6 h4
41. Nf1 e4 42. Rd7 Be5 43. Ne3 Nd3+ 44. Kg1 Nf4 45. Nc4 Nxh3+ 46. Kg2 Nf4+ 47.
Kh1 Bf6 48. Rg1+ Kh8 49. Nd6 Nd3 50. Nf7+ Kh7 51. Ne5+ Kh6 52. Rg6+ Kh5 53. Rh7#
1-0

[Event "I Miedzynarodowy Memorial Ireny Warakomskiej - Open B"]
[Site "Suwalki"]
[Date "2017-08-13"]
[Round "4.8"]
[White "Mammadov, Vafa "]
[Black "Lascar, Radoslawa"]
[Result "0-1"]
[WhiteTitle ""]
[BlackTitle ""]
[WhiteElo "2066"]
[BlackElo "1778"]

1. c4 e5 2. Nc3 Nc6 3. g3 d6 4. Bg2 Be6 5. d3 Qd7 6. Nd5 g6 7. Rb1 Bg7 8. b4 f5
9. b5 Nd8 10. Nf3 Nf6 11. Ng5 Bg8 12. e4 h6 13. Nf3 fxe4 14. dxe4 c6 15. bxc6
bxc6 16. Nxf6+ Bxf6 17. Qe2 c5 18. O-O Be6 19. Be3 Qc7 20. Nd2 g5 21. f4 Bf7 22.
fxe5 Bxe5 23. Bf3 Ne6 24. Bh5 O-O 25. Bxf7+ Rxf7 26. Qg4 Qe7 27. Rxf7 Qxf7 28.
Rf1 Qe7 29. Nf3 Rf8 30. Nh4 Rxf1+ 31. Kxf1 Qf7+ 32. Nf5 Kh7 33. Kg2 h5 34. Qd1
Qg6 35. Qa4 Qf7 36. Qa6 h4 37. g4 Qc7 38. Qb5 Qf7 39. Qc6 Nd8 40. Qd5 Ne6 41.
Nxd6 h3+ 42. Kg1 Qf3 43. Qd2 Bxd6 0-1

[Event "I Miedzynarodowy Memorial Ireny Warakomskiej - Open B"]
[Site "Suwalki"]
[Date "2017-08-13"]
[Round "4.9"]
[White "Wolanski, Michal "]
[Black "Grabowski, Adam"]
[Result "1-0"]
[WhiteTitle ""]
[BlackTitle ""]
[WhiteElo "1920"]
[BlackElo "2063"]

1. c4 c6 2. Nc3 d5 3. e3 Nf6 4. Nf3 e6 5. b3 Bd6 6. Bb2 O-O 7. Be2 Nbd7 8. O-O
e5 9. cxd5 cxd5 10. Nb5 Bb8 11. Ba3 Re8 12. Nd6 Re6 13. Nxc8 Qxc8 14. Rc1 Qd8
15. Qc2 Re8 16. Rfd1 Qa5 17. Bb2 Bd6 18. Bc3 Qd8 19. Bf1 Qe7 20. g3 g6 21. Bg2
a6 22. Qb1 Qe6 23. Bb2 h6 24. d3 Nh7 25. Nd2 Ndf6 26. Re1 Ng5 27. Re2 Kg7 28.
Rce1 Qg4 29. Qd1 Bc5 30. Kh1 Rad8 31. f4 exf4 32. exf4 Rxe2 33. Bxf6+ 1-0

[Event "I Miedzynarodowy Memorial Ireny Warakomskiej - Open B"]
[Site "Suwalki"]
[Date "2017-08-13"]
[Round "4.10"]
[White "Wacior, Maciej "]
[Black "Golek, Jagoda"]
[Result "1/2-1/2"]
[WhiteTitle ""]
[BlackTitle ""]
[WhiteElo "1912"]
[BlackElo "2058"]

1. d4 d5 2. Nf3 c6 3. Bf4 e6 4. e3 Bd6 5. Bg3 Nf6 6. Bd3 Qc7 7. c3 Nbd7 8. Nbd2
e5 9. dxe5 Nxe5 10. Nxe5 Bxe5 11. Qc2 Bg4 12. Bxe5 Qxe5 13. h3 Bd7 14. O-O-O O-O-O
15. Kb1 Kb8 16. Ka1 g6 17. Rhe1 Rhe8 18. a3 Bc8 19. Nf3 1/2-1/2

[Event "I Miedzynarodowy Memorial Ireny Warakomskiej - Open B"]
[Site "Suwalki"]
[Date "2017-08-13"]
[Round "4.11"]
[White "Medvedyk, Volodymyr"]
[Black "Pytel, Przemyslaw"]
[Result "1-0"]
[WhiteTitle ""]
[BlackTitle ""]
[WhiteElo "2053"]
[BlackElo "1815"]

1. c4 e5 2. g3 Nc6 3. Nc3 d6 4. Bg2 Be6 5. d3 Qd7 6. Nd5 g6 7. e4 Bg7 8. Ne2 Nd8
9. Be3 c6 10. Ndc3 f5 11. h3 Ne7 12. h4 d5 13. cxd5 cxd5 14. exd5 Nxd5 15. Bc5
Rc8 16. d4 b6 17. Ba3 exd4 18. Nxd5 Bxd5 19. Bxd5 Qxd5 20. O-O Ne6 21. Re1 Be5
22. Nc3 Qc6 23. Rxe5 dxc3 24. Qe2 Kf7 25. bxc3 Qc4 26. Qe3 Rc6 27. Rd1 Rc7 28.
Red5 Qa4 29. Bd6 Rd7 30. Re1 Re8 31. Rd4 Qc6 32. Bb4 Rxd4 33. cxd4 Qc4 34. Bc3
Nc7 35. Qd2 Rxe1+ 36. Qxe1 Nd5 37. Bb2 Qxa2 38. Qe5 a5 39. Bc1 Qc4 40. Bh6 Nf6
41. Qd6 Qb4 42. Qc7+ Qe7 43. Qxb6 a4 44. Bd2 Qd7 45. Qb4 Qc6 46. Bh6 Nd7 47. Qa5
Nf6 48. Qb4 Nd7 49. Qa3 Qb5 50. Qd6 Qb7 51. d5 Qb1+ 52. Kh2 1-0

[Event "I Miedzynarodowy Memorial Ireny Warakomskiej - Open B"]
[Site "Suwalki"]
[Date "2017-08-13"]
[Round "4.12"]
[White "Wolagiewicz, Kinga "]
[Black "Pawelec, Bartosz "]
[Result "1/2-1/2"]
[WhiteTitle ""]
[BlackTitle ""]
[WhiteElo "1611"]
[BlackElo "2050"]

1. e4 c6 2. d4 d5 3. Nc3 dxe4 4. Nxe4 Nd7 5. c3 Ngf6 6. Ng3 h5 7. Bd3 h4 8. Ne4
Nxe4 9. Bxe4 Nf6 10. Bd3 h3 11. gxh3 Qd5 12. Qf3 Qxf3 13. Nxf3 Bxh3 14. Rg1 Rd8
15. Bf4 Be6 16. Ng5 Bg4 17. f3 Bh5 18. O-O-O g6 19. Be5 Bh6 20. Rde1 O-O 21. Kb1
Nd5 22. h4 Bg7 23. Bxg7 Kxg7 24. Bc4 e6 25. Bxd5 Rxd5 26. f4 c5 27. Re5 Rfd8 28.
Rxd5 Rxd5 29. dxc5 Rxc5 30. Re1 Bg4 31. Kc1 Rc4 32. Re4 Rxe4 33. Nxe4 Bf3 34.
Nd6 Kf6 35. Kd2 a6 36. Ke3 Bc6 37. a3 Ke7 38. Nc4 Ba4 39. b4 Bb3 40. Ne5 Bd5 41.
a4 Bb3 42. a5 Bc2 43. c4 f6 44. Nf3 Kd6 45. Kd4 Bd1 46. Nd2 Bc2 47. Nf3 Bd1 48.
Nd2 Bc2 49. Nf3 1/2-1/2

[Event "I Miedzynarodowy Memorial Ireny Warakomskiej - Open B"]
[Site "Suwalki"]
[Date "2017-08-13"]
[Round "4.14"]
[White "Duda, Lucas"]
[Black "Sapeta, Robert "]
[Result "1/2-1/2"]
[WhiteTitle ""]
[BlackTitle ""]
[WhiteElo "1906"]
[BlackElo "2040"]

1. e4 e6 2. d4 c5 3. d5 exd5 4. exd5 d6 5. Nc3 Nf6 6. Nf3 Be7 7. h3 O-O 8. Bd3
Na6 9. O-O Nc7 10. a4 b6 11. Bf4 Bb7 12. Bc4 a6 13. Qd2 b5 14. axb5 axb5 15. Nxb5
Nxb5 16. Bxb5 Nxd5 17. Bg3 Qb6 18. c4 Nc7 19. Rae1 Ne6 20. Bd7 Bc8 21. Bb5 Rd8
22. Qd5 Bb7 23. Qf5 g6 24. Qd3 Bf6 25. Rxe6 fxe6 26. Re1 d5 27. Qe2 dxc4 28. Bxc4
Bd5 29. b3 Qb7 30. Ne5 Qg7 31. Ng4 Bd4 32. Bxd5 exd5 33. Qe6+ Kh8 34. Ne5 Rf8
35. Qxd5 Ra2 36. b4 Raxf2 37. Kh2 Rd2 38. Qe6 cxb4 39. Bh4 g5 40. Bg3 Qf6 1/2-1/2

[Event "I Miedzynarodowy Memorial Ireny Warakomskiej - Open B"]
[Site "Suwalki"]
[Date "2017-08-13"]
[Round "4.15"]
[White "Betkowski, Andrzej "]
[Black "Widelski, Kacper "]
[Result "1/2-1/2"]
[WhiteTitle ""]
[BlackTitle ""]
[WhiteElo "2038"]
[BlackElo "1880"]

1. e4 c5 2. Nc3 Nc6 3. g3 g6 4. Bg2 Bg7 5. d3 Rb8 6. Be3 d6 7. Qd2 b5 8. f4 Nd4
9. Nd1 e5 10. c3 Nc6 11. Nf3 Bg4 12. Nf2 Bxf3 13. Bxf3 Nge7 14. f5 gxf5 15. exf5
d5 16. g4 Qd6 17. O-O h5 18. Nh1 d4 19. Bf2 hxg4 20. Bxg4 Bh6 21. Qe2 Nd5 22.
Ng3 Bf4 23. cxd4 cxd4 24. Nh5 Qh6 25. h3 Kd7 26. Qe4 Ne3 27. Bxe3 Bxe3+ 28. Kh1
Qd6 29. f6+ Kc7 30. Ng7 Nb4 31. a3 Nc2 32. Nf5 Qc6 33. Qxc6+ Kxc6 34. Rac1 Bxc1
35. Rxc1 Kb6 36. Rxc2 Rbc8 37. Nxd4 Rcg8 38. Kg2 exd4 39. Rf2 Ka5 40. Rf4 Rd8
41. Bd1 Rd6 42. Bb3 Rh6 43. Bxf7 Rhxf6 44. Rxf6 Rxf6 45. Bd5 Rf5 46. Bf3 b4 47.
h4 bxa3 48. bxa3 Ka4 49. h5 Kxa3 50. h6 Rf6 51. h7 Rh6 52. Be4 a5 53. Kg3 a4 54.
Kf4 Kb2 55. Kg5 Rh2 56. Bg6 Rg2+ 1/2-1/2

[Event "I Miedzynarodowy Memorial Ireny Warakomskiej - Open B"]
[Site "Suwalki"]
[Date "2017-08-13"]
[Round "4.16"]
[White "Janulek, Dawid "]
[Black "Kowalec, Maciej"]
[Result "1/2-1/2"]
[WhiteTitle ""]
[BlackTitle ""]
[WhiteElo "2006"]
[BlackElo "2038"]

1. e4 d5 2. exd5 Qxd5 3. Nc3 Qd6 4. d4 Nf6 5. Bc4 a6 6. Nge2 b5 7. Bb3 Bb7 8. Bf4
Qb6 9. f3 e6 10. a4 Bd6 11. axb5 axb5 12. Rxa8 Bxa8 13. Qd3 Bxf4 14. Nxf4 b4 15.
Na4 Qd6 16. Ne2 Nbd7 17. O-O O-O 18. c3 c5 19. Bc2 bxc3 20. bxc3 cxd4 21. cxd4
Bb7 22. Rd1 Ba6 23. Qd2 Bxe2 24. Qxe2 Nd5 25. Qd2 Rc8 26. Be4 Qa3 27. Bxd5 Qxa4
28. Be4 Nf6 29. Qd3 Rd8 30. Rd2 g6 31. g3 Nd5 32. Bxd5 Rxd5 33. Qc3 Qd7 34. f4
Rb5 35. Rb2 Rxb2 36. Qxb2 h5 1/2-1/2

[Event "I Miedzynarodowy Memorial Ireny Warakomskiej - Open B"]
[Site "Suwalki"]
[Date "2017-08-13"]
[Round "4.17"]
[White "Krasiewicz, Robert "]
[Black "Milanowski, Jan"]
[Result "1-0"]
[WhiteTitle ""]
[BlackTitle ""]
[WhiteElo "2031"]
[BlackElo "1815"]

1. c4 c6 2. Nf3 Nf6 3. d4 d5 4. e3 e6 5. Nc3 Nbd7 6. Qc2 Be7 7. g4 g6 8. Rg1 dxc4
9. Bxc4 b5 10. Be2 Bb7 11. Bd2 a6 12. g5 Nd5 13. Ne4 Qb6 14. Rc1 Rc8 15. Nc5 Qc7
16. h4 N5b6 17. h5 Nxc5 18. dxc5 Nd7 19. Bc3 Rg8 20. b4 a5 21. a3 axb4 22. axb4
Ra8 23. hxg6 hxg6 24. Qe4 Ra3 25. Qh4 Nf8 26. Be5 Qc8 27. Rd1 Ra4 28. Rg4 Qa8
29. Nd2 Nd7 30. Qh7 Nxe5 31. Qxg8+ Bf8 32. Rd4 Ra1 33. Nb1 Ke7 34. f4 Bc8 35.
Rd8 Nd7 36. R1xd7+ 1-0

[Event "I Miedzynarodowy Memorial Ireny Warakomskiej - Open B"]
[Site "Suwalki"]
[Date "2017-08-13"]
[Round "4.18"]
[White "Kaczmarska, Joanna "]
[Black "Migala, Andrzej"]
[Result "0-1"]
[WhiteTitle ""]
[BlackTitle ""]
[WhiteElo "1942"]
[BlackElo "2031"]

1. e4 c5 2. Nf3 d6 3. d4 cxd4 4. Nxd4 Nf6 5. Nc3 a6 6. g3 e5 7. Nde2 Be7 8. Bg2
Nbd7 9. a4 b6 10. h3 Bb7 11. g4 Nc5 12. Ng3 Rc8 13. g5 Nfd7 14. Nf5 Ne6 15. h4
Qc7 16. Nd5 Bxd5 17. exd5 Nf4 18. Bxf4 exf4 19. c3 g6 20. Nxe7 Kxe7 21. Qe2+ Ne5
22. Qxa6 Qc4 23. Qxc4 Rxc4 24. Bf1 Re4+ 25. Kd2 f3 26. Bd3 Rg4 27. a5 bxa5 28.
Rxa5 Rb8 29. Rb5 Ra8 30. Rb7+ Kf8 31. Rb6 Ke7 32. Ba6 Nd7 33. Rc6 Ne5 34. Bb7
Rb8 35. Ba6 Rxb2+ 36. Ke3 Ra4 37. Rc7+ Kd8 38. Rc8+ Kd7 39. Ra8 Ke7 40. h5 gxh5
41. Rxh5 Rba2 42. Rxh7 Rxa6 43. Rc8 R6a4 44. c4 Nxc4+ 45. Kxf3 Ne5+ 46. Kg2 Rg4+
47. Kf1 Rxg5 48. Rb8 Rf5 49. Rb7+ Kf6 50. Rb6 Rfxf2+ 51. Kg1 Nf3+ 0-1

[Event "I Miedzynarodowy Memorial Ireny Warakomskiej - Open B"]
[Site "Suwalki"]
[Date "2017-08-13"]
[Round "4.19"]
[White "Kalmuk, Krzysztof"]
[Black "Jankowiak, Tomasz"]
[Result "0-1"]
[WhiteTitle ""]
[BlackTitle ""]
[WhiteElo "2030"]
[BlackElo "1905"]

1. Nf3 d5 2. g3 Nf6 3. Bg2 Bf5 4. O-O e6 5. d3 Be7 6. Nh4 Bg4 7. h3 Bh5 8. Qe1
O-O 9. f4 c5 10. e4 dxe4 11. dxe4 Nc6 12. c3 Nd7 13. Nf3 f6 14. Be3 e5 15. Nbd2
Bf7 16. Qe2 Qc7 17. f5 a6 18. Nh4 Rad8 19. Bf3 b5 20. b3 b4 21. Bh5 Bxh5 22. Qxh5
bxc3 23. Nc4 Nd4 24. Rac1 c2 25. Rf2 Nb6 26. Nxb6 Qxb6 27. Ng6 Bd6 28. Nh4 Qb7
29. Qg4 c4 30. bxc4 Ba3 31. Rcf1 Qb1 32. Nf3 Nxf3+ 0-1

[Event "I Miedzynarodowy Memorial Ireny Warakomskiej - Open B"]
[Site "Suwalki"]
[Date "2017-08-13"]
[Round "4.20"]
[White "Czarniecka, Aleksandra "]
[Black "Hrymowicz, Artur "]
[Result "0-1"]
[WhiteTitle ""]
[BlackTitle ""]
[WhiteElo "1875"]
[BlackElo "2015"]

1. e4 c5 2. Nf3 d6 3. d4 cxd4 4. Nxd4 Nf6 5. Nc3 a6 6. Be2 e6 7. O-O Be7 8. f4
Qc7 9. Kh1 Nc6 10. Be3 O-O 11. Qe1 Nxd4 12. Bxd4 e5 13. fxe5 dxe5 14. Qg3 Nd7
15. Be3 Qc6 16. Nd5 Bd8 17. c4 Qg6 18. Qxg6 hxg6 19. Bd3 Nf6 20. Bc5 Re8 21. Rad1
Bg4 22. Rd2 Rc8 23. b4 Bd7 24. Bc2 Bc6 25. Nc3 b5 26. cxb5 axb5 27. Bb3 Be7 28.
Bxe7 Rxe7 29. Bd5 Rd7 30. Rd3 Bxd5 31. exd5 e4 32. Re3 Ng4 33. Rxe4 f5 34. Rxg4
fxg4 35. Nxb5 Rxd5 36. a4 Rc4 37. Rb1 Rxb4 38. Rf1 Rf5 39. Re1 Rxa4 40. Nc3 Rc4
41. Nb1 Rfc5 42. Nd2 Rc1 43. Rg1 g3 44. Nf3 Rxg1+ 45. Nxg1 gxh2 46. Kxh2 Kf7 47.
Nf3 g5 48. Kg3 Kg6 49. Nd4 Rc3+ 50. Kf2 Kf6 51. Nf3 Kf5 52. Nd4+ Kg4 53. Ne6 Rc2+
54. Kf1 Kg3 55. Nxg5 Rf2+ 56. Ke1 Rxg2 57. Ne6 g6 58. Kf1 Rf2+ 59. Kg1 Re2 0-1

[Event "I Miedzynarodowy Memorial Ireny Warakomskiej - Open B"]
[Site "Suwalki"]
[Date "2017-08-13"]
[Round "4.21"]
[White "Gawronski, Miroslaw"]
[Black "Zianowicz, Dominik "]
[Result "1-0"]
[WhiteTitle ""]
[BlackTitle ""]
[WhiteElo "2014"]
[BlackElo "1843"]

1. d4 d5 2. Nf3 e6 3. Bf4 c5 4. e3 Nc6 5. c3 Nf6 6. Nbd2 cxd4 7. exd4 Bd6 8. Bg5
a6 9. Bd3 Rb8 10. Qe2 Be7 11. O-O O-O 12. Rfe1 b5 13. a3 Qb6 14. Bf4 Ra8 15. h3
Bd7 16. b4 Rfc8 17. Nb3 Nd8 18. Nc5 Be8 19. Ne5 Nb7 20. g4 Nxc5 21. bxc5 Qa5 22.
Qc2 g6 23. Bg5 Qd8 24. f4 Nd7 25. Nf3 Bxg5 26. Nxg5 e5 27. dxe5 Nxc5 28. Rac1
Qb6 29. Qf2 Na4 30. Qxb6 Nxb6 31. f5 Na4 32. e6 f6 33. Nf3 g5 34. h4 h6 35. hxg5
hxg5 36. Rc2 Rc7 37. Nxg5 fxg5 38. f6 Rxc3 39. Re5 Rxc2 40. Rxg5+ Kf8 41. Bxc2
Nc5 42. Bf5 Ne4 43. Bxe4 dxe4 44. Rg7 Bc6 45. Rf7+ Kg8 46. g5 Bd5 47. Re7 a5 48.
g6 Bxe6 49. Rxe6 b4 50. axb4 axb4 51. Rb6 Rf8 52. g7 Re8 53. Rb7 Ra8 54. Rxb4
Kf7 55. Rb6 Re8 56. Kf2 Ra8 57. Ke3 Re8 58. Kf4 Kg6 59. Re6 Rxe6 60. g8=Q+ Kxf6
61. Qf8+ 1-0

[Event "I Miedzynarodowy Memorial Ireny Warakomskiej - Open B"]
[Site "Suwalki"]
[Date "2017-08-13"]
[Round "4.22"]
[White "Tylenda, Krzysztof "]
[Black "Falkowski, Dawid "]
[Result "1-0"]
[WhiteTitle ""]
[BlackTitle ""]
[WhiteElo "1750"]
[BlackElo "2013"]

1. e4 d5 2. exd5 Qxd5 3. Nc3 Qd6 4. d4 Nf6 5. Nf3 a6 6. Bc4 b5 7. Bb3 Bb7 8. Be3
e6 9. Qd2 Nbd7 10. a3 Be7 11. O-O-O Nd5 12. Bxd5 Bxd5 13. Bf4 Qc6 14. Nxd5 Qxd5
15. Kb1 Nb6 16. Bxc7 Nc4 17. Qd3 O-O 18. Rhe1 Rfc8 19. Bf4 b4 20. axb4 Bxb4 21.
Re2 Nxb2 22. Kxb2 Bc3+ 23. Qxc3 Qb5+ 24. Qb3 Qxe2 25. Qd3 Qxd3 26. Rxd3 f6 27.
Rc3 g5 28. Rxc8+ Rxc8 29. Bd6 Rc6 30. Bb4 Kf7 31. Kb3 Rc8 32. c4 Rb8 33. Kc3 Ke8
34. Nd2 h6 35. Ne4 f5 36. Nc5 1-0

[Event "I Miedzynarodowy Memorial Ireny Warakomskiej - Open B"]
[Site "Suwalki"]
[Date "2017-08-13"]
[Round "4.23"]
[White "Tarnowska, Aleksandra"]
[Black "Budzinski, Jan "]
[Result "1-0"]
[WhiteTitle ""]
[BlackTitle ""]
[WhiteElo "1807"]
[BlackElo "2012"]

1. e4 e6 2. d4 d5 3. exd5 exd5 4. Nf3 Bd6 5. Bd3 Qe7+ 6. Be3 Bf4 7. Qe2 Bxe3 8.
fxe3 Nf6 9. O-O O-O 10. Nc3 Re8 11. Rae1 c5 12. Ne5 c4 13. Nxd5 Nxd5 14. Bxh7+
Kxh7 15. Qh5+ Kg8 16. Rxf7 Bg4 17. Qg6 Qf8 18. Rxf8+ Rxf8 19. Qxg4 1-0

[Event "I Miedzynarodowy Memorial Ireny Warakomskiej - Open B"]
[Site "Suwalki"]
[Date "2017-08-13"]
[Round "4.24"]
[White "Kotlowski, Tomasz"]
[Black "Szczygiel, Jakub "]
[Result "1-0"]
[WhiteTitle ""]
[BlackTitle ""]
[WhiteElo "2005"]
[BlackElo "1797"]

1. e4 c5 2. Nf3 d6 3. d4 cxd4 4. Nxd4 Nf6 5. f3 a6 6. c4 g6 7. Be3 Bg7 8. Qd2 h5
9. Nc3 Nbd7 10. Be2 Qc7 11. Rc1 b6 12. O-O Bb7 13. Nd5 Qd8 14. Rfd1 Rc8 15. b4
Nxd5 16. cxd5 Bxd4 17. Bxd4 f6 18. f4 Kf7 19. Qe3 Rxc1 20. Rxc1 b5 21. Qh3 Kg7
22. Rc3 Bc8 23. Qh4 Qe8 24. Rg3 e5 25. dxe6 Qxe6 26. Rxg6+ 1-0

[Event "I Miedzynarodowy Memorial Ireny Warakomskiej - Open B"]
[Site "Suwalki"]
[Date "2017-08-13"]
[Round "4.25"]
[White "Slezinski, Nikodem "]
[Black "Kukorowski, Jan"]
[Result "1/2-1/2"]
[WhiteTitle ""]
[BlackTitle ""]
[WhiteElo "1995"]
[BlackElo "1670"]

1. e4 e6 2. Nc3 d5 3. d4 Nf6 4. exd5 exd5 5. Bd3 Bd6 6. Nge2 O-O 7. Nb5 Be7 8.
Bf4 Na6 9. a3 c6 10. Nbc3 Nc7 11. O-O Ne6 12. Be5 Ng4 13. Bg3 f5 14. h3 Nh6 15.
Qd2 Bg5 16. f4 Bf6 17. Bf2 g6 18. Nd1 Nf7 19. c3 Nd6 20. Kh2 Ne4 21. Qe1 Nc7 22.
Ng1 Re8 23. Ne3 Qe7 24. Nc2 Ne6 25. Bg3 Qd6 26. Bxe4 dxe4 27. Ne3 b6 28. Nc4 Qd5
29. Ne5 Ba6 30. Rf2 c5 31. dxc5 Nxc5 32. Rd2 Qe6 33. Rad1 Bxe5 34. fxe5 Nd3 35.
Qe3 Nxe5 36. Rd5 Nd3 37. Rd6 Qe7 38. Ne2 Nxb2 39. Rd7 Nxd1 40. Qd4 Rad8 41. Qd5+
Qe6 42. Qxe6+ Rxe6 43. Rxd8+ Kf7 44. Nf4 Nxc3 45. Nxe6 Kxe6 46. Rd6+ Ke7 47. Rc6
Nd5 48. Be1 Bb7 49. Rc1 g5 50. Bb4+ Ke6 51. Kg3 h5 52. Kf2 f4 53. Be1 g4 54. hxg4
hxg4 55. Kg1 Kf5 56. Rc4 f3 57. gxf3 gxf3 58. Kf2 b5 59. Rd4 Ke5 60. Rd1 e3+ 61.
Kxf3 Nc3+ 62. Kxe3 Nxd1+ 63. Kd2 Nb2 64. Kc3 Nc4 65. a4 a6 66. axb5 axb5 67. Kb4
Bc6 68. Kc5 Be8 69. Bc3+ Ke4 70. Kb4 Kd3 71. Bg7 Kc2 72. Bf8 Ne5 73. Bd6 Nd3+
74. Ka3 Kc3 75. Bb4+ Kc4 76. Bd2 Nc5 77. Be1 Ne4 78. Bb4 Bg6 79. Ba5 Nc3 80. Kb2
Nd5 81. Ka3 b4+ 82. Bxb4 Nxb4 83. Kb2 Bf5 84. Ka1 Nc2+ 85. Kb2 Kb4 86. Ka2 Kc3
87. Kb1 Kb3 88. Kc1 Kc3 89. Kb1 Nb4+ 90. Ka1 Be6 91. Kb1 Nc2 92. Kc1 Ba2 93. Kd1
Bc4 94. Kc1 Nd4 95. Kb1 Nb3 96. Ka2 Nc5+ 97. Ka1 Bd3 98. Ka2 Be4 99. Ka1 Bc2 100.
Ka2 Nd3 101. Ka1 Nb2 102. Ka2 Be4 103. Ka1 Kc2 104. Ka2 Bd5+ 105. Ka1 Nc4 106.
Ka2 Nd2+ 107. Ka1 Nb3+ 108. Ka2 Kc3 109. Kb1 Bf3 110. Ka2 Be4 111. Ka3 Nc1 112.
Ka4 Kc4 113. Ka3 Kc3 114. Ka4 Nd3 115. Ka3 Bf3 116. Ka4 Kc4 117. Ka3 Kc3 118.
Ka4 1/2-1/2

[Event "I Miedzynarodowy Memorial Ireny Warakomskiej - Open B"]
[Site "Suwalki"]
[Date "2017-08-13"]
[Round "4.26"]
[White "Litner, Igor "]
[Black "Wielek, Thomas "]
[Result "0-1"]
[WhiteTitle ""]
[BlackTitle ""]
[WhiteElo "1991"]
[BlackElo "1766"]

1. d4 g6 2. c4 c5 3. e3 Bg7 4. Nc3 Nf6 5. Nf3 O-O 6. Bd3 d6 7. O-O Nc6 8. h3 Bd7
9. b3 Nb4 10. Bb2 Nxd3 11. Qxd3 Qc8 12. Kh2 cxd4 13. exd4 a6 14. a4 Nh5 15. Qe3
e5 16. Nd5 Qd8 17. dxe5 Re8 18. Nb6 dxe5 19. Rad1 e4 20. Bxg7 exf3 21. Rxd7 Qb8+
22. Kg1 Rxe3 23. fxe3 Kxg7 24. Nxa8 Qxa8 25. Rxf3 Nf6 26. Rd4 Qe8 27. b4 Ne4 28.
b5 Nc3 29. Kf2 Nxa4 30. bxa6 bxa6 31. Ke2 a5 32. Rf1 Nc5 33. Rd5 Ne4 34. Kd3 a4
35. Ra5 Ng3 36. Rf4 Qc6 37. Ra7 Nf5 38. g4 Nd6 39. Rd4 Qb6 40. Re7 a3 0-1